| 000 | | | 03959cbm0a2200265#x 450 |
| 001 | | | 68cd97fa-75e9-475b-906f-9c520d5882a6 |
| 005 | | | 20200414125256.0 |
| 100 | ## | $a | 20200401j19380925k###0rusy50 ca |
| 101 | 0# | $a | rus |
| 102 | ## | $a | RU |
| 122 | 0# | $a | d19380925## |
| 200 | 1# | $a | Докладная записка наркома обороны СССР К. Е. Ворошилова в ЦК ВКП(б) и СНК СССР о необходимости дополнительного призыва приписного состава для службы в укрепрайонах на советско-польской границе в связи с активизацией военных приготовлений Польши |
| | $j | 25 сентября 1938 г. |
| 251 | ## | $c | Документ |
| 300 | ## | $a | Подлинник |
| 461 | #0 | $1 | 2001 |
| | $a | Ф. 17 |
| | $1 | 251 |
| | $c | Фонд |
| | $1 | 852 |
| | $j | 17 |
| 462 | #0 | $1 | 2001 |
| | $a | Оп. 166 |
| | $1 | 251 |
| | $c | Опись |
| | $1 | 852 |
| | $j | 166 |
| 462 | #0 | $1 | 2001 |
| | $a | Д. 592 |
| | $v | Л. 97-98 |
| | $1 | 251 |
| | $c | Дело |
| | $1 | 852 |
| | $j | 592 |
| 605 | ## | $a | Вторая мировая война в архивных документах (Комплекс оцифрованных архивных документов, кино- и фотоматериалов) |
| | $l | коллекция |
| | $2 | prlib_sh |
| | $3 | LIBNET\UAF\0000088514 |
| 617 | ## | $a | СССР |
| | $f | 1938 |
| | $2 | prlib_sh |
| 617 | ## | $a | Польша |
| | $f | 1938 |
| | $2 | prlib_sh |
| 801 | #0 | $a | RU |
| | $b | ПБ им. Б.Н. Ельцина |
| | $c | 20200401 |
| 801 | #1 | $a | RU |
| | $b | ПБ им. Б.Н. Ельцина |
| | $c | 20200401 |
| | $2 | rusmarc |
| 801 | #2 | $a | RU |
| | $b | ПБ им. Б.Н. Ельцина |
| | $c | 20200414 |
| | $2 | rusmarc |
| 850 | ## | $a | Российский государственный архив социально-политической истории |
| 852 | ## | $a | РГАСПИ |
| | $j | Л. 97-98 |
| 035 | ## | $a | LIBNET\0001067942 |
| 937 | ## | $d | 144016365 |
| | $h | Российский государственный архив социально-политической истории |
| 856 | 4# | $u | http://readingroom.main.prlib.ru/item.aspx?id_node=n144016365&mode=full |